<?xml version="1.0" encoding="UTF-8"?>
<record
    xmlns:xsi="http://www.w3.org/2001/XMLSchema-instance"
    xsi:schemaLocation="http://www.loc.gov/MARC21/slim http://www.loc.gov/standards/marcxml/schema/MARC21slim.xsd"
    xmlns="http://www.loc.gov/MARC21/slim">

  <leader>03533nam a2200337uu 4500</leader>
  <controlfield tag="001">1293513</controlfield>
  <controlfield tag="005">20260508074845.0</controlfield>
  <controlfield tag="008">120815s2007                        spa  </controlfield>
  <datafield tag="020" ind1=" " ind2=" ">
    <subfield code="a">9788480197090</subfield>
  </datafield>
  <datafield tag="035" ind1=" " ind2=" ">
    <subfield code="a">1293513</subfield>
  </datafield>
  <datafield tag="040" ind1=" " ind2=" ">
    <subfield code="c">comduadb</subfield>
  </datafield>
  <datafield tag="041" ind1=" " ind2=" ">
    <subfield code="a">spa</subfield>
  </datafield>
  <datafield tag="082" ind1=" " ind2="4">
    <subfield code="a">613</subfield>
  </datafield>
  <datafield tag="100" ind1="1" ind2="0">
    <subfield code="a">Pont Geis, Pilar</subfield>
    <subfield code="4">aut</subfield>
    <subfield code="e">aut</subfield>
    <subfield code="9">473242</subfield>
  </datafield>
  <datafield tag="245" ind1="1" ind2="0">
    <subfield code="a">Mantenerse en forma de mayor : ejercicios para hacer en casa</subfield>
  </datafield>
  <datafield tag="260" ind1=" " ind2=" ">
    <subfield code="a">Barcelona :</subfield>
    <subfield code="b">Editorial Paidotribo,</subfield>
    <subfield code="c">2007.</subfield>
  </datafield>
  <datafield tag="300" ind1=" " ind2=" ">
    <subfield code="a">151 p&#xE1;ginas :</subfield>
    <subfield code="b">ilustraciones</subfield>
  </datafield>
  <datafield tag="505" ind1=" " ind2=" ">
    <subfield code="a">CONTENIDOS: 1. Introducci&#xF3;n.-- 1.1. Qu&#xE9; proponemos en este libro. Objetivo.-- 1.2. C&#xF3;mo utilizar este libro.-- 1.3. Cu&#xE1;ndo y c&#xF3;mo hacer ejercicio.-- 2. Recursos materiales.-- 2.1. Caracter&#xED;sticas que debe reunir el material.-- 2.2. M&#xFA;sicas recomendadas para realizar los ejercicios.-- 2.3. Caracter&#xED;sticas de la sala.-- 2.4. Caracter&#xED;sticas de la indumentaria.-- 3. Posici&#xF3;n correcta.-- 4. Caminar.-- 5. Posici&#xF3;n correcta en la silla.-- 6. C&#xF3;mo sentarse y levantarse.-- 7. Posici&#xF3;n correcta tumbados en el suelo.-- 8. C&#xF3;mo agacharse y levantarse.-- 9. Recomendaciones para los estiramientos.-- 10. La respiraci&#xF3;n.-- 10.1. Ejercicios para relajarse y liberar la respiraci&#xF3;n sin esfuerzo.-- 10.2. Ejercicio de respiraci&#xF3;n b&#xE1;sico.-- 11. Propuestas de ejercicios.-- 11.1. Ejercicio de masaje para activas. Ejercicio 1.-- 11.2. Propuestas de ejercicios de pie. Ejercicios 2-18.-- 11.3. Propuestas de ejercicios con sillas. Ejercicios 19-55.-- 11.4. Masajes faciales. Ejercicios 56-5711.5. Ejercicios de cara. Ejercicio 58.-- 11.6. Ejercicios de ojos. Ejercicio 59.-- 11.7. Ejercicios de manos. Ejercicio 60.-- 11.8. Ejercicios en las sillas con bandas el&#xE1;sticas. Ejercicios 61-65.-- 11.9. Propuestas de ejercicios tumbados en posici&#xF3;n supino. Ejercicios 66-86.-- 11.10. Ejercicios tumbados en posici&#xF3;n prono. Ejercicios 87-89.-- 11.11. Propuestas de ejercicios tumbados con material: bandas y picas. Ejercicios 90-98.-- 11.12. Ejercicios de cuadrupedia. Ejercicios 99-100 11.13. Relajaciones. Ejercicios 101-102.-- 12. Cuadro de objetivos.-- 13. Propuestas de tablas de ejercicios "P&#xF3;ster".-- 14. Bibliograf&#xED;a.</subfield>
  </datafield>
  <datafield tag="520" ind1="3" ind2=" ">
    <subfield code="a">En este libro las autoras proponen un programa de ejercicios bien estructurados y clasificados para realizar solos en casa o en un grupo de clase. Acompa&#xF1;ados de fotos e ilustraciones que muestran la correcta realizaci&#xF3;n de los mismos.  Los ejercicios que se presentan no tienen contraindicaciones, todo lo contrario, se recomiendan para cualquier alteraci&#xF3;n que conlleve el envejecimiento o tambi&#xE9;n como acondicionamiento f&#xED;sico para aquellas personas mayores que realizan alg&#xFA;n deporte y necesitan realizar una preparaci&#xF3;n f&#xED;sica espec&#xED;fica.  Asimismo, se incluyen recomendaciones referentes a acciones motrices cotidianas y consejos pr&#xE1;cticos para descubrir lo m&#xE1;s importante respecto a la actividad f&#xED;sica m&#xE1;s sencilla y eficaz que cualquier persona puede realizar: caminar o pasear.</subfield>
  </datafield>
  <datafield tag="650" ind1=" " ind2=" ">
    <subfield code="a">Ejercicio f&#xED;sico en la vejez</subfield>
    <subfield code="9">49698</subfield>
  </datafield>
  <datafield tag="650" ind1=" " ind2="7">
    <subfield code="a">Educaci&#xF3;n f&#xED;sica para ancianos</subfield>
    <subfield code="2">lemb</subfield>
    <subfield code="9">2395</subfield>
  </datafield>
  <datafield tag="650" ind1=" " ind2=" ">
    <subfield code="a">Educaci&#xF3;n f&#xED;sica para adultos</subfield>
    <subfield code="9">797</subfield>
  </datafield>
  <datafield tag="650" ind1=" " ind2=" ">
    <subfield code="a">Educaci&#xF3;n f&#xED;sica y salud</subfield>
    <subfield code="9">135884</subfield>
  </datafield>
  <datafield tag="650" ind1=" " ind2=" ">
    <subfield code="a">Educacion fisica y entrenamiento</subfield>
    <subfield code="9">40605</subfield>
  </datafield>
  <datafield tag="650" ind1=" " ind2="0">
    <subfield code="a">Actividad f&#xED;sica</subfield>
    <subfield code="9">220891</subfield>
  </datafield>
  <datafield tag="650" ind1=" " ind2=" ">
    <subfield code="a">Aptitud f&#xED;sica en ancianos</subfield>
    <subfield code="9">197878</subfield>
  </datafield>
  <datafield tag="700" ind1="1" ind2="0">
    <subfield code="a">Armengol Nart, Maria</subfield>
    <subfield code="4">aut</subfield>
    <subfield code="e">aut</subfield>
    <subfield code="9">671107</subfield>
  </datafield>
  <datafield tag="700" ind1="1" ind2="0">
    <subfield code="a">Corroggio rub&#xED;, Maite</subfield>
    <subfield code="4">aut</subfield>
    <subfield code="e">aut</subfield>
    <subfield code="9">664495</subfield>
  </datafield>
  <datafield tag="700" ind1="1" ind2="0">
    <subfield code="a">Moreno Merelo, Marian</subfield>
    <subfield code="4">aut</subfield>
    <subfield code="e">aut</subfield>
    <subfield code="9">653462</subfield>
  </datafield>
  <datafield tag="942" ind1=" " ind2=" ">
    <subfield code="c">BOOK</subfield>
  </datafield>
  <datafield tag="999" ind1=" " ind2=" ">
    <subfield code="c">617021</subfield>
    <subfield code="d">617021</subfield>
  </datafield>
  <datafield tag="952" ind1=" " ind2=" ">
    <subfield code="0">0</subfield>
    <subfield code="1">0</subfield>
    <subfield code="4">0</subfield>
    <subfield code="7">0</subfield>
    <subfield code="8">GEN</subfield>
    <subfield code="a">BC</subfield>
    <subfield code="b">BC</subfield>
    <subfield code="d">2012-08-15</subfield>
    <subfield code="e">Agapea</subfield>
    <subfield code="g">39274.00</subfield>
    <subfield code="i">C1151765</subfield>
    <subfield code="l">1</subfield>
    <subfield code="o">613.7044 M292</subfield>
    <subfield code="p">86302</subfield>
    <subfield code="r">2025-04-25 12:19:12</subfield>
    <subfield code="s">2025-03-21</subfield>
    <subfield code="t">1</subfield>
    <subfield code="w">2023-05-01</subfield>
    <subfield code="y">BOOK</subfield>
  </datafield>
</record>
